• 首页
  • 本馆介绍
  • 公告通知
  • 最新文献
  • 馆藏检索
  • 电子资源
  • 读者导购
  • 参考咨询
  • 我的图书馆
  • 登录
  • 详细信息显示
  • 放入我的书架
  • 预约/预借图书
  • 作者相关作品
  • 分类相关作品
  • 丛书相关作品
  • 出版社相关作品

书目信息

  • 表格格式
  • 工作单格式
  • 卡片格式
题名:
老龄化的挑战和应对
    
 
作者: 于洪军 著
分册:  
出版信息: 南京   江苏人民出版社  2015.9
页数: 357页
开本: 23cm
丛书名:
单 册:
中图分类: C924.24
科图分类:
主题词: 人口老龄化--研究--中国
电子资源:
ISBN: 978-7-214-16578-7
000 00992nam0 2200229 45
001 012001004128
005 20140928162349.0
010    @a978-7-214-16578-7@dCNY58.00
100    @a20150914d2015 em y0chiy0110 ea
101 0  @achi
102    @aCN@b320000
105    @ay z 000yy
106    @ar
200 1  @a老龄化的挑战和应对@9lao ling hua de tiao zhan he ying dui@f于洪军著
210    @a南京@c江苏人民出版社@d2015.9
215    @a357页@d23cm
330    @a我国已经步入老龄化社会,老龄化问题将愈发严峻。我国是世界上唯一老年人口过亿的国家,庞大的老年人口始终是影响我国社会经济发展的现实问题。为了应对我国严峻的老龄化现状,本书围绕身体活动对老年人的收益性和经济性问题展开论述。在理论篇章中,就老年身体活动和疾病健康之间的关系进行了理论分析。在实践篇章中,本书对身体活动是否对老年人具有经济性收益影响展开了验证性研究。
606 0  @a人口老龄化@x研究@y中国
690    @aC924.24@v5
701  0 @a于洪军@9yu hong jun@4著
801  0 @aCN@b上海新华@c20180901
905    @b1170240-4@dC924.24@e103@f5
    
    老龄化的挑战和应对/于洪军著.-南京:江苏人民出版社,2015.9
    357页;23cm
    
    
    ISBN 978-7-214-16578-7:CNY58.00
    我国已经步入老龄化社会,老龄化问题将愈发严峻。我国是世界上唯一老年人口过亿的国家,庞大的老年人口始终是影响我国社会经济发展的现实问题。为了应对我国严峻的老龄化现状,本书围绕身体活动对老年人的收益性和经济性问题展开论述。在理论篇章中,就老年身体活动和疾病健康之间的关系进行了理论分析。在实践篇章中,本书对身体活动是否对老年人具有经济性收益影响展开了验证性研究。
●
相关链接 在E读中查询图书 在五车中查询图书 在当当中查询图书 在豆瓣中查询图书


正题名:老龄化的挑战和应对     索取号:C924.24/103         预约/预借

序号 登录号 条形码 馆藏地/架位号 状态 备注
1 1170240   211702406   第一样本阅览室/ [索取号:C924.24/103] 在馆    
2 1170241   211702415   第一借阅区/ [索取号:C924.24/103] 在馆    
3 1170242   211702424   第一借阅区/ [索取号:C924.24/103] 在馆    
4 1170243   211702433   第一借阅区/ [索取号:C924.24/103] 在馆    
5 1170244   211702442   第一借阅区/ [索取号:C924.24/103] 在馆    
唐山师范学院图书馆 欢迎您!
大连网信软件有限公司© 版权所有